Harry Potter and the Prisoner of Azkaban - Statistics

General Stats
  • This quiz has been taken 997 times
  • The average score is 17 of 20
Answer Stats
Hint Answer % Correct
Who is the Prisoner of Azkaban? Sirius Black
98%
What relation is he to Harry? Godfather
97%
Which child did the hippogriff attack during this lesson? Draco Malfoy
95%
What boarded the Hogwarts Express causing it to stop? Dementor
93%
What object do the Weasley twins give to Harry in order to help him get to Hogsmeade? The Marauder's Mep
91%
Who is the real betrayer of the Potters? Wormtail
91%
What is the name of Harry's aunt who he blows up? Aunt Marge
90%
What did this creature become when Neville Longbottom faced it? Professor Snape in his Grandmother's Clothes
90%
Who was Head Boy during this school year? Percy Weasley
89%
During Care of Magical Creatures, what is the name of the hippogriff that Harry got to ride on? Buckbeak
87%
Where did the Weasley's go on holiday? Egypt
86%
What was the transport that picked Harry up after leaving Privet Drive? Knight Bus
85%
Who teaches this subject? Sybill Trelawney
85%
What is one of the new subjects Harry is taking this year, involving reading tea leaves? Divination
84%
What creature does the class have to face in their first Defence Against the Dark Arts lesson? Boggart
83%
What permission slip is Harry trying to get filled in at the start of this book? Hogsmeade
82%
How had Hermione been getting to all of her lesson this year? Time Turner
81%
What does Ron call his new owl? Pigwidgeon
66%
The secret passage that Harry takes out of Hogwarts leads to the cellar of which shop? Honeydukes
58%
What is her dog called? Ripper
37%
No matching quizzes found
Score Distribution
Percent of People with Each Score
Percentile by Number Answered
Your Score History
You have not taken this quiz